000 00597nam a2200241Ia 4500
005 20260320201135.0
008 008 262003s9999 xx 000 0 eng d
037 _aEBOOK
040 _aCRL
040 _beng
040 _cCRL
041 _2eng
041 _aeng
084 _qCRL
100 _aSendin
_91133900
245 0 _aSmart Grid Telecommunications: Fundamentals and Technologies in the 5G Era
260 _bIEEE
260 _c2021
856 _uhttps://ieeexplore.ieee.org/servlet/opac?bknumber=9536222
942 _cEBOOK
999 _c1719168
_d1719168